| 000 | 00505nam a2200169Ia 4500 | ||
|---|---|---|---|
| 999 |
_c12134 _d12134 |
||
| 003 | OSt | ||
| 005 | 20201020111334.0 | ||
| 008 | 190216s9999||||xx |||||||||||||| ||und|| | ||
| 040 | _coclc | ||
| 082 |
_a821 _bTAG/O |
||
| 100 | 1 |
_aTagore, Rabindranath _d1861-1941 _938 |
|
| 245 | 0 |
_aOne Hundred Poems of Kabir / _cRabindranath Tagore |
|
| 260 |
_bMac Millian And Com. Ltd, _c1967. _aLondon: |
||
| 300 | _a105p | ||
| 650 | _aEnglish Poetry | ||
| 942 |
_cBK _2ddc _h821 _iTAG/O _k821 _mTAG/O |
||